000
00256nam a2200109Ia 4500
008
190914s9999||||xx |||||||||||||| ||und||
100
_a
Doctor Siddiqa Arman
245
0
_a
Tehreek-e- Qalam
260
_a
karachi
_b
Idarahai
_c
2001
300
_a
482
942
_c
BK
999
_c
8671
_d
8671